Tropical forestry research : Challenges in the new millenium (Proceedings of the International symposium 2-4 August 2000, Peechi, India (Record no. 42119)

MARC details
000 -LEADER
fixed length control field 00712nam a2200229Ia 4500
020 ## - INTERNATIONAL STANDARD BOOK NUMBER
ISBN 8185041318
082 ## - DEWEY DECIMAL CLASSIFICATION NUMBER
Classification number 630*94(213.5)
Item number VAR
245 #0 - TITLE STATEMENT
Title Tropical forestry research : Challenges in the new millenium (Proceedings of the International symposium 2-4 August 2000, Peechi, India
260 ## - PUBLICATION, DISTRIBUTION, ETC. (IMPRINT)
Place of publication Peechi
Name of publisher KFRI
Year of publication 2001
650 ## - SUBJECT ADDED ENTRY--TOPICAL TERM
Topical Term Afforestation
650 ## - SUBJECT ADDED ENTRY--TOPICAL TERM
Topical Term Biodeterioration
650 ## - SUBJECT ADDED ENTRY--TOPICAL TERM
Topical Term Biodiversity
650 ## - SUBJECT ADDED ENTRY--TOPICAL TERM
Topical Term Environmental conservation
650 ## - SUBJECT ADDED ENTRY--TOPICAL TERM
Topical Term Kerala plantations
650 ## - SUBJECT ADDED ENTRY--TOPICAL TERM
Topical Term Micropropagation
650 ## - SUBJECT ADDED ENTRY--TOPICAL TERM
Topical Term PLantation forestry
650 ## - SUBJECT ADDED ENTRY--TOPICAL TERM
Topical Term Rubebr plantations
650 ## - SUBJECT ADDED ENTRY--TOPICAL TERM
Topical Term Timber utilization
700 ## - ADDED ENTRY--PERSONAL NAME
Personal name Varma, R V
942 ## - ADDED ENTRY ELEMENTS (KOHA)
Koha item type Books
Holdings
Withdrawn status Lost status Damaged status Not for loan Home library Current library Date acquired Cost, normal purchase price Full call number Accession Number Koha item type
        RRII Library RRII Library 16/12/2021 500.00 630*94(213.5) VAR 22396 Books